000 004220000a22001810004500
003 MACL
005 20160130133507.0
008 160130b xxu||||| |||| 00| 0 eng d
040 _aMACL
_cMACL
041 _aEnglish
082 _a823/NAI
100 _aNaipaul, v s
_934743
245 _aThe Mystic Masseur
260 _bPicador
_c1957
_aLondon
350 _a195
650 _aFiction
_936024
942 _cBK
_k823/Nai
_2ddc
999 _c31677
_d31677